Statistics for FIFA 22 Shapeshifters

Click here to take the quiz!

General Stats

  • This quiz has been taken 59 times
    (44 since last reset)
  • The average score is 36 of 79

Answer Stats

ClubPositionRatingAnswer% Correct
TottenhamST97Heung-Min Son
97%
PSGCF99Lionel Messi
97%
Man UnitedLW99Cristiano Ronaldo
81%
Bayern MunichCF96Leroy Sane
76%
Real MadridCAM96Eden Hazard
70%
Real MadridRWB95Federico Valverde
68%
ChelseaRF96Timo Werner
68%
Man CityCB95Kyle Walker
62%
ChelseaCAM98N'golo Kante
62%
Bundesliga (Hero)
LW
98Abedi Pele
59%
Bayern MunichST96Alphonso Davies
59%
Premier League (Hero)ST98David Ginola
59%
ArsenalST93Nicolas Pepe
59%
PortoST92Pepe
59%
PSGST96Sergio Ramos
59%
LiverpoolCDM94Andy Robertson
57%
Man CityCAM95Jack Grealish
57%
Real MadridST97Marcelo
57%
BarcelonaLW95Pierre-Emerick Aubameyang
57%
OGC NiceCM95Youcef Atal
57%
LeicesterRW95James Maddison
54%
StuttgartCF95Silas
54%
Serie A (Hero)RW97Antonio Di Natale
51%
Premier League (Hero)LW94Clint Dempsey
51%
Borussia DortmundCB93Emre Can
51%
MainzRW93Jeremiah St Juste
51%
AC MilanCB94Pierre Kalulu
51%
BarcelonaCF95Adama Traore
49%
Real BetisLB92Hector Bellerin
49%
Serie A (Hero)RB97Ivan Cordoba
49%
ArsenalCB94Kieran Tierney
49%
Man UnitedCAM97Marcus Rashford
49%
LeedsRB92Dan James
46%
SalernitanaLW98Franck Ribery
46%
SevillaCM94Jesus Corona
46%
Ligue 1 (Hero)CAM96Joe Cole
46%
JuventusCM95Matthijs De Ligt
46%
AjaxCDM91Daley Blind
43%
Atletico MadridCDM93Felipe
43%
La Liga (Hero)CAM93Fernando Morientes
43%
Borussia DortmundLW94Giovanni Reyna
43%
Bundesliga (Hero)CDM92Jurgen Kohler
43%
Serie A (Hero)CB95Mario Gomez
43%
Atletico MadridCAM/RW95Yannick Carrasco
43%
NewcastleCB94Chris Wood
41%
Serie A (Hero)RW/CAM97Diego Milito
41%
NapoliST94Hirving Lozano
41%
RomaCDM95Leonardo Spinazzola
41%
RB LeipzigCB92Nordi Mukiele
41%
PSGCDM95Presnel Kimpembe
41%
LyonRB92Thiago Mendes
41%
Real SociedadLW94David Silva
38%
BenficaST91Everton
38%
Bundesliga (Hero)RM91Lars Ricken
38%
BrightonLWB92Marc Cucurella
38%
Premier League (Hero)CDM94Tim Cahill
38%
LazioRW94Felipe Anderson
35%
Borussia DortmundCM/RB94Raphael Guerreiro
35%
UdineseLWB93Roberto Pereyra
35%
MetzCDM93Thomas Delaine
35%
MonacoCB93Kevin Volland
32%
Borussia MonchengladbachST93Marcus Thuram
32%
Premier League (Hero)CAM/LW97Ole Gunnar Solskjaer
32%
RomaCAM95Stephan El Shaarawy
32%
Rayo VallecanoCB74Bebe
30%
MetzST91Fabien Centonze
30%
BolognaCB92Marko Arnautovic
30%
SevillaCB91Thomas Delaney
30%
OGC NiceLB93Alexis Claude-Maurice
27%
RB LeipzigRB93Amadou Haidara
27%
MarseilleLW93Gerson
27%
Real BetisLW93Marc Bartra
27%
MLS (Hero)CAM94Freddie Ljungberg
24%
WolfsburgLWB91Yannick Gerhardt
22%
TottenhamCM93Emerson Royal
19%
AugsburgLF91Iago
19%
FiorentinaRB93Lucas Martinez Quarta
16%
AngersRW74Souleyman Doumbia
16%
LA GalaxyST74Samuel Grandsir
14%

Score Distribution

Percentile by Number Answered

Percent of People with Each Score

Your Score History

You have not taken this quiz since the last reset